| 000 | 01083nam a2200265Ia 4500 | ||
|---|---|---|---|
| 003 | Ost | ||
| 005 | 20260507075612.0 | ||
| 008 | 260507s9999||||xx |||||||||||||| ||und|| | ||
| 020 | _a9957400037 | ||
| 040 | _cfsecg | ||
| 041 | _aara | ||
| 082 | _a330.121 | ||
| 100 |
_aحمودة، محمود _eمؤلف |
||
| 245 | 0 |
_aأضواء على المعاملات المالية في الإسلام / _c محمود حمودة |
|
| 250 | _aطبعة 2 (مزيدة ومنقحة) | ||
| 260 |
_aعمان: _bمؤسسة الوراق للنشر والتوزيع, _c1999 |
||
| 300 |
_a200 صفحة؛ _bإيضاحات ؛ _c24 سم |
||
| 504 | _a المراجع ص.197 | ||
| 520 | _aالمعاملة المالية في الاسلام، الربا، القروض، البيع، الرهن، الضرائب في الاسلام، المعاملات الضريبية في الاسلام، التأمين | ||
| 653 | _aالفقه الاسلامي | ||
| 653 | _aالمالية | ||
| 653 | _aالمعاملات | ||
| 700 |
_aحسنين، مصطفى _eمؤلف ثانوي |
||
| 942 | _cكتاب | ||
| 999 |
_c45083 _d45083 |
||